The quantification of blackmargined aphid (Monellia caryella (Fitch)) honeydew production in pecan (Carya illinoinensis (Koch)) in Texas /

Bibliographic Details
Main Author: Honaker, Jessica Marie
Other Authors: Harris, M. K. (Marvin K.) (Thesis advisor)
Format: Thesis eBook
Language:English
Published: [College Station, Tex.] : [Texas A&M University], [2010]
Subjects:
Online Access:Link to OAK Trust copy

MARC

Tag First Indicator Second Indicator Subfields
LEADER 00000cam a2200000Ka 4500
001 in00002575412
005 20151201150139.0
006 m f d
007 cr unu||||||||
008 100428s2010 txu sbm 000 0 eng d
035 |a (OCoLC)ocn609884047 
035 |a (OCoLC)609884047 
035 |a (TxCM)http://hdl.handle.net/1969.1/ETD-TAMU-2072 
040 |a TXA  |c TXA  |d UtOrBLW 
049 |a TXAM 
099 |a 2007  |a Thesis  |a 1969.1/ETD-TAMU-2072 
100 1 |a Honaker, Jessica Marie. 
245 1 4 |a The quantification of blackmargined aphid (Monellia caryella (Fitch)) honeydew production in pecan (Carya illinoinensis (Koch)) in Texas /  |c by Jessica Marie Honaker. 
264 1 |a [College Station, Tex.] :  |b [Texas A&M University],  |c [2010] 
300 |a 1 online resource. 
336 |a text  |b txt  |2 rdacontent 
337 |a computer  |b c  |2 rdamedia 
338 |a online resource  |b cr  |2 rdacarrier 
500 |a "Major Subject: Entomology" 
500 |a Title from author supplied metadata (automated record created 2010-03-12 12:08:51). 
502 |b Master of Science  |c Texas A&M University  |d 2007  |o http://hdl.handle.net/1969.1/ETD-TAMU-2072 
504 |a Includes bibliographical references. 
516 |a Text (Thesis) 
520 3 |a Field studies of the blackmargined aphid, Monellia caryella (Fitch), were conducted on three cultivars, 'Cheyenne', 'Kiowa', and 'Pawnee', of pecan, Carya illinoinensis (Koch). Aphid density and natural enemy (lacewings, ladybird beetles, and spiders) densities were determined biweekly by direct inspection of 160 leaves per variety during the 2005 and 2006 growing seasons. Honeydew deposition was measured biweekly using water sensitive cards. Aphid phenologies were similar among cultivars; however, 'Cheyenne' supported higher densities of aphids than either 'Kiowa' or 'Pawnee'. Honeydew production correlated positively with aphid density. Honeydew produced per aphid differed only between 'Cheyenne' and 'Pawnee' in 2006; natural enemies per aphid varied in significance during both seasons. Natural enemy densities increased during initial stages of outbreak on all cultivars in 2006. The asymptote reached on 'Cheyenne' had a lower natural enemy to aphid ratio than that on the other cultivars, indicating that the functional response of natural enemies to increased aphid densities was exhausted sooner on 'Cheyenne than on other cultivars'. Honeydew appears to be an attractant for natural enemies and cost-benefit calculations were made to quantify the loss of photosynthates to aphids for each cultivar versus the gain in natural enemies that occurred. 'Cheyenne' was the least efficient of the three cultivars in the utilization of this defense mechanism. The energy drain per hectare attributable by adult aphid feeding was, 761,197 ' 900,312kcal, 266,397 ' 237,709kcal, and 138,790 ' 134,223kcal for 'Cheyenne', 'Kiowa', and 'Pawnee', respectively. Calculated nut-loss equivalents were 14 ' 16kg for 'Cheyenne', 4 ' 5kg for 'Kiowa', and 2kg for 'Pawnee'. 
500 |a Electronic resource. 
650 4 |a Major entomology. 
653 |a Energy 
653 |a Honeydew 
653 |a Pecan 
653 |a Blackmargined Aphid 
700 1 |a Harris, M. K.  |q (Marvin K.),  |e thesis advisor. 
856 4 0 |u http://hdl.handle.net/1969.1/ETD-TAMU-2072  |z Link to OAK Trust copy  |t 0 
948 |a cataloged  |b h  |c 2010/4/28  |d c  |e jgreene  |f !:11:47 pm 
994 |a C0  |b TXA 
999 |a MARS 
999 f f |s a0b493a3-1189-3f8d-9f80-5c02f015f6ac  |i ec68e695-d50d-3366-a635-c72f2c639c6c  |t 0 
952 f f |a Texas A&M University  |b College Station  |c Electronic Resources  |d Available Online  |t 0  |e 2007 Thesis 1969.1/ETD-TAMU-2072  |h Other scheme 
998 f f |a 2007 Thesis 1969.1/ETD-TAMU-2072  |t 0  |l Available Online